000 00294nam a2200121Ia 4500
005 20251222144907.0
008 251222s9999||||xx |||||||||||||| ||spa||
082 _a869.569/V23E
100 _aVallejo, César
245 0 _aTrilce - Escalas Melografiadas
264 _bEspasa Calpe
942 _cLIB
999 _c22212
_d22212